00473nam a2200145Ia 4500008004100000020002200041082001700063100002200080245004500102260003400147300000900181942001200190999001900202952010600221210430s9999 xx 000 0 und d a978-81-239-1489-3 a672.2 T623 C aS.N.Tiwari954140 aCast Iron Technology vol 1 /cS.N.Tiwari aNew DelhibSatish kumarc2007 a175p cBK2ddc c564614d564614 001040708NFICaSCMEbSCMEcGENd0000-00-00l0o672.2 T623 CpSCME-3833r2021-04-30w2021-04-30yBK